000 00272nam a22001217a 4500
082 _a823
_bTHO/M
100 _aTHOMAS, VERNON
245 _aTHE MYSTERY OF THE KIDNAPPED BOY
260 _aBOMBAY
_bB-Y-S
_c1995
300 _a110
650 _aENGLISH STORY
_zINDIA
942 _cBK
999 _c7372
_d7372